| 000 | 01892cam a22003614a 4500 | ||
|---|---|---|---|
| 001 | 15259255 | ||
| 003 | Nust- CAS-E | ||
| 005 | 20180118181353.0 | ||
| 008 | 080412s2007 enka b 001 0 eng c | ||
| 010 | _a 2008273139 | ||
| 015 |
_aGBA682496 _2bnb |
||
| 016 | 7 |
_a013563392 _2Uk |
|
| 020 | _a9781849714013 | ||
| 035 | _a(OCoLC)ocm71808676 | ||
| 040 |
_aUKM _cUKM _dBAKER _dYDXCP _dBWKUK _dUMC _dBTCTA _dIQU _dDLC |
||
| 042 | _apcc | ||
| 050 | 0 | 0 |
_aTK1087 _b.A685 2007 |
| 082 | 0 | 0 |
_a621.319 _22 _bSOL 2011 |
| 100 | _4Wenham, S.R | ||
| 245 | 0 | 0 |
_aApplied photovoltaics / _cS.R. Wenham ... [et al.]. |
| 250 | _a2nd ed. | ||
| 260 |
_aLondon ; _aSterling, VA : _bEarthscan, _cc2007. |
||
| 300 |
_axii, 323 p. : _bill. ; _c25 cm. |
||
| 502 | _aetc. | ||
| 504 | _aIncludes bibliographical references and index. | ||
| 505 | 0 | _aThe characteristics of sunlight -- Semiconductors and P-N junctions -- The behavior of solar cells -- Cell properties and design -- PV cell interconnection and module fabrication -- Stand-alone photovoltaic system components -- Designing stand-alone photovoltaic systems -- Specific purpose photovoltaic applications -- Remote area power supply systems -- Grid-connected photovoltaic systems -- Photovoltaic water pumping system components -- PV water pumping system design -- Standard AM0 and AM1.5 spectra -- Equations for calculating sun position -- Characteristic days and declinations -- Some insolation data sources -- Standards -- Alternative sources of power for water pumping -- Stand-alone photovoltaic system design -- System design for PV-powered water pumping. | |
| 650 | 0 | _aPhotovoltaic power generation. | |
| 650 | 0 | _aPhotovoltaic cells. | |
| 700 | 1 |
_aWenham, S. R. _q(Stuart R.) |
|
| 906 |
_a7 _bcbc _cpccadap _d2 _encip _f20 _gy-gencatlg |
||
| 942 |
_2ddc _cBK |
||
| 999 |
_c355217 _d355217 |
||